000 00235nam a2200097Ia 4500
008 220204s9999 xx 000 0 und d
082 _a331.5
_bTOW
245 0 _aTowards self reliance
260 _aDelhi
_bPlanning commission
942 _cBK
999 _c23205
_d23205